000 01134nam a2200241 i 4500
001 45813
003 ES-MaACL
005 20250816050159.0
007 t|
008 030327m18921897fr ||||1| fre d
080 _a73.032(38)
100 1 _aCollignon, Maxime.
_939712
245 1 0 _aHistoire de la sculpture grecque /
_cpar Maxime Collignon.
260 _aParis :
_bFirmin Didot et Cie.,
_c1892-1897.
300 _a2 v. (569 p., [11] h. de lám. ; 715 p., [12] h. de lám.) :
_bil. ;
_c29 cm.
505 8 _aContiene: I. Les origenes . Les primitifs . L'archaïsme avancé . L'époque des grands maîtres du cinquième siècle -- II. L'influence des grand maîtres du cinquième siècle . Le quatrième siècle . L'époque hellénistique . L'art grec après la conquête romaine
530 _aDisponible en formato digital.
650 7 _aEscultura griega
_2embne
_912443
852 4 _aES-MaACL
_jB-11467-68
856 4 _uhttps://archive.org/details/histoiredelascul01colluoft
_zInternet Archive
_z(V. 1)
856 4 _uhttps://archive.org/details/histoiredelascul02colluoft
_zInternet Archive
_z(V. 2)
999 _c45813
_d45813